00657nam a22002297a 450000500170000001000130001702000220003003500130005203700160006504000120008108200130009324501440010624600060025025000140025626000400027027000120031030000270032250000200034965000240036965000160039370000180040920170124110243.0 aA-709672 c00.00a0333620747 aA-709672 bCen Lib/Ret aDPLbEN a050bSTA aThe statesman's year-book : cedited by Brian Hunterbstatistical and historical annual of the states of the world for the year 1995-1996 / b  a132nd ed  aLondon bThe MacMillan Press c1995 bLondon  aliii,1966p. c20cm(Hb) aIncludes index  aPolitical science.  aStatistics. aBrian, Hunter